000 01627nam a22001577a 4500
041 _aukr
080 _a09
090 _bРАД
100 _aРадзішевська, О. І.
245 _aПроблематика і стилі сучасної шотландської новели
260 _aОстрог
_bКАФ
_c2004
300 _a49
520 _aРозділ 1. Теоретичні аспекти вивчення явища новели в сучасній літературі 1.1 Особливості жанру новели 1.2 Проблема жанрового розмежування новела і "short story" Розділ 2. Дослідження проблематики і стилів сучасної шотландської новели 2.1 Вічні філософські питання у тематиці шотландських новел 2.2 Зміни у світобаченні шотландця 2.3 Людина і світ: приклади взаємовпливу 2.4 Релігійний аспект проблематики шотландської новели Розділ 3. Шотландський характер новел 3.1 Сучасні способи представлення шотландця 3.2 Самоствердження шотландської новели на фоні британської літератури 3.3 Американський вплив на сучасну шотландську новелістику
_0літературознавство, новела, Шотландія
650 _aResearch Papers
999 _c282602
_d282602
942 _cBK